Chanson à trous : Daniel Balavoine - Mon fils ma bataille - Statistiques

Statistiques générales
  • Ce quiz a été pris 140 fois
  • Le résultat moyen est 10 sur 11
Statistiques - réponses
Couplets Mon fils ma bataille - Daniel Balavoine % Correct
6 Oh j'vais tout casser si vous touchez Au fruit de {mes} {entrailles} Fallait pas qu'elle s'en aille
97%
11 Oh j'vais tout casser si vous touchez Au fruit de {mes} {entrailles} Fallait pas qu'elle s'en aille
97%
5 Les juges et {les} {lois} Ça m'fait pas peur, c'est mon fils, ma bataille Fallait pas qu'elle s'en aille,
96%
10 Les juges et {les} {lois} Ça m'fait pas peur, c'est mon fils, ma bataille Fallait pas qu'elle s'en aille,
96%
2 Si j'avais su qu'un matin je serais là, sali, jugé sur un banc Par {l}'{ombre} d'un corps que j'ai serré si souvent Pour un enfant
89%
4 Si ils savaient que pour toi avant, de tous les chanteurs j'étais le plus grand Et que c'est pour ça que tu {voulais} {un} {enfant} Devenu grand
87%
3 Tu leur dis que {mon} {métier} c'est du vent Qu'on ne sait pas ce que je serai dans un an
86%
8 Tout ce qu'elle peut dire sur moi N'est rien à côté du {sourire} qu'il me tend
81%
7 Bien sûr c'est elle qui {l}'{a} {porté} et pourtant, C'est moi qui lui construis sa vie lentement
77%
1 Ça fait longtemps que t'es parti maintenant Je t'écoute {démonter} {ma} {vie} en pleurant
76%
9 {L}'{absence} a des torts que rien ne défend C'est mon enfant
76%
Aucun quiz correspondant
Distribution des résultats
% des personnes avec chaque résultat
Percentile par nombre de réponses
Votre historique - résultats
Vous n’avez pas pris ce quiz